El valor del dinero /
El autor expresa que, en las economías actuales, la oferta monetaria se encuentra desvinculada de las reservas metálicas. Esta desconexión del dinero respecto de una mercancía producida, se operó a lo largo del siglo pasado y culminó con la inconvertibilidad del dólar dispuesta en 1971
Wedi'i Gadw mewn:
| Prif Awdur: | |
|---|---|
| Fformat: | Texto |
| Pynciau: | |
| Tagiau: |
Ychwanegu Tag
Dim Tagiau, Byddwch y cyntaf i dagio'r cofnod hwn!
|
MARC
| LEADER | 00000 a a2200000 04500 | ||
|---|---|---|---|
| 001 | 13264 | ||
| 003 | |||
| 040 | |||
| 100 | |a Gigliani, Guillermo | ||
| 245 | |a El valor del dinero / |c Guillermo Gigliani | ||
| 520 | |a El autor expresa que, en las economías actuales, la oferta monetaria se encuentra desvinculada de las reservas metálicas. Esta desconexión del dinero respecto de una mercancía producida, se operó a lo largo del siglo pasado y culminó con la inconvertibilidad del dólar dispuesta en 1971 | ||
| 650 | |a ASPECTOS ECONOMICOS | ||
| 650 | |a DINERO | ||
| 650 | |a MERCANCIA | ||
| 650 | |a OFERTA | ||
| 650 | |a POLITICA MONETARIA | ||
| 650 | |a MARXISMO | ||
| 650 | |a CAPITALISMO | ||
| 773 | |g número 234; páginas 26-49 | ||
| 999 | |c 38371 |d 38371 | ||
